=LDR 00000nam 2200000 4500 =001 INLIS000000000055320 =990 ##$$a 3202001565 =005 20200408100710 =990 ##$$a 3202001564 =035 ##$$a 0010-0320000427 =007 ta =008 200408###########################0#ind## =020 ##$$a 978-602-7572-27-0 =082 ##$$a 899.221 6 =084 ##$$a 899.221 6 Gra l =245 ##$$a Letters to Aubrey : $b Kumpulan surat seorang ibu untuk putrinya yang berkebutuhan khusus akibat terinfeksi virus rubella /$c Grace Melia =250 ##$$a Cet 1 =300 ##$$a 270 halaman : $b Ilustrasi ; $c 20 Cm. =650 #4$$a Surat-surat indonesia =700 #$$a Editor ; Triani Retno A =264 ##$$a Jogyakarta :$b Stiletto book,$c 2018 =336 ##$$a teks$2 rdacontent =337 ##$$a lain-lain$2 rdamedia =338 ##$$a lain-lain$2 rdacarrier =990 ##$$a 1202002379 =990 ##$$a 320002380 =990 ##$$a 320002379 =990 ##$$a 320002380 =990 ##$$a 3201002380 =990 ##$$a 320002379 =990 ##$$a 3201002379 =990 ##$$a 3201002380 =990 ##$$a 3202001564 =990 ##$$a 3201002379 =990 ##$$a 3202001564 =990 ##$$a 3201002379 =990 ##$$a 3202001564 =990 ##$$a 3201002379 =990 ##$$a 3202001564 =990 ##$$a 3201002379